000 02046nam a2200397 a 4500
001 ebr10453812
003 CaPaEBR
006 m u
007 cr cn|||||||||
008 100910s2011 lau sb 001 0beng d
010 _z 2010038289
020 _z9780807137697 (cloth : alk. paper)
020 _z9780807137703 (e-book)
040 _aCaPaEBR
_cCaPaEBR
035 _a(OCoLC)714876965
043 _an-usu--
_an-us-tn
_an-us-ky
050 1 4 _aE470.45.F4
_bM4 2011eb
082 0 4 _a973.7/8
_aB
_222
100 1 _aMcKnight, Brian Dallas.
245 1 0 _aConfederate outlaw
_h[electronic resource] :
_bChamp Ferguson and the Civil War in Appalachia /
_cBrian D. McKnight.
260 _aBaton Rouge :
_bLouisiana State University Press,
_cc2011.
300 _axiv, 252 p.
490 0 _aConflicting worlds : new dimensions of the American Civil War
504 _aIncludes bibliographical references and index.
505 0 _aThe 'natural man' -- Exiled to Tennessee -- Fight on the Cumberland -- The tensions of the borderland -- Stability and partition -- Lessons of perseverance -- The borderland guerrilla lifestyle -- A terrible career's grand climax -- Revelation of a clear conscience -- Quiet resurrections of an unlikely hero.
533 _aElectronic reproduction.
_bPalo Alto, Calif. :
_cebrary,
_d2011.
_nAvailable via World Wide Web.
_nAccess may be limited to ebrary affiliated libraries.
600 1 0 _aFerguson, Champ,
_d1821-1865.
650 0 _aGuerrillas
_zConfederate States of America
_vBiography.
650 0 _aOutlaws
_zConfederate States of America
_vBiography.
651 0 _aTennessee
_xHistory
_yCivil War, 1861-1865
_xUnderground movements.
651 0 _aKentucky
_xHistory
_yCivil War, 1861-1865
_xUnderground movements.
651 0 _aUnited States
_xHistory
_yCivil War, 1861-1865
_xUnderground movements.
655 7 _aElectronic books.
_2local
710 2 _aebrary, Inc.
856 4 0 _uhttp://site.ebrary.com/lib/rucke/Doc?id=10453812
_zAn electronic book accessible through the World Wide Web; click to view
999 _c124824
_d124824